[Event "Montreal Mercredi 04"]
[Site "Montreal"]
[Date "2009.04.01"]
[Round "1"]
[White "Lafleur, Jean Francois"]
[Black "Landry, Martin"]
[Result "1-0"]
[WhiteElo "1578"]
[BlackElo "1529"]
[PlyCount "80"]
[EventDate "2009.04.01"]
[EventType "tourn"]
[EventRounds "5"]
[EventCountry "CAN"]
[SourceTitle "EXT 2011"]
[Source "ChessBase"]
[SourceDate "2010.11.26"]
[SourceVersion "1"]
[SourceVersionDate "2010.11.26"]
[SourceQuality "1"]

1. e4 c5 2. Nf3 d6 3. d4 cxd4 4. Nxd4 Nf6 5. Nc3 a6 6. Be3 Nc6 7. Be2 e5 8. Nf3 b5 9. 0-0 Be7 10. Nd2 Bb7 11. f3 d5 12. exd5 Nb4 13. Nxb5 Nbxd5 14. Bf2 axb5 15. Bxb5+ Kf8 16. c4 Nf4 17. Qc2 Ne2+ 18. Kh1 Nd4 19. Bxd4 exd4 20. Nb3 Qb6 21. Rfd1 Rd8 22. Rd3 g6 23. Rad1 Bc5 24. Nxc5 Qxc5 25. Qd2 Kg7 26. Rxd4 Rxd4 27. Qxd4 Qe7 28. c5 Rc8 29. b4 Kg8 30. a4 Ne8 31. Qd7 Qxd7 32. Rxd7 Bc6 33. Bxc6 Rxc6 34. Kg1 Kf8 35. Kf2 Nc7 36. Ke3 Ke8 37. Rd2 Ra6 38. a5 Re6+ 39. Kd3 Kd7 40. Kc4+ Kc6 1-0

[Event "Montreal Mercredi 10"]
[Site "Montreal"]
[Date "2008.11.05"]
[Round "5"]
[White "Sonn, Eric"]
[Black "Landry, Martin"]
[Result "1-0"]
[WhiteElo "1670"]
[BlackElo "1581"]
[PlyCount "82"]
[EventDate "2008.10.08"]
[EventType "tourn"]
[EventRounds "5"]
[EventCountry "CAN"]
[SourceTitle "EXT 2011"]
[Source "ChessBase"]
[SourceDate "2010.11.26"]
[SourceVersion "1"]
[SourceVersionDate "2010.11.26"]
[SourceQuality "1"]

1. e4 c5 2. Nf3 d6 3. Bb5+ Bd7 4. a4 a6 5. Bc4 e6 6. c3 Be7 7. d4 cxd4 8. cxd4 Qc7 9. Bd3 Nc6 10. Nc3 Bf6 11. Ne2 Nge7 12. Be3 Rc8 13. 0-0 Ng6 14. Ng3 0-0 15. Rc1 Qb8 16. Bb1 Rfd8 17. Qd2 Nce7 18. Nh5 Bxa4 19. Nxf6+ gxf6 20. Bh6 Bc6 21. h4 e5 22. h5 Nf8 23. Rc3 Bb5 24. Rfc1 Rxc3 25. Rxc3 Rc8 26. Ra3 Qc7 27. Nh4 Qc1+ 28. Qxc1 Rxc1+ 29. Bxc1 Be2 30. Rg3+ Kh8 31. Bh6 Ne6 32. d5 Nd4 33. Bg7+ Kg8 34. Bxf6+ Kf8 35. Bxe7+ Kxe7 36. h6 Bh5 37. Rg7 Ne2+ 38. Kh2 Nf4 39. Rxh7 Kf6 40. Rg7 Ng6 41. Nxg6 Bxg6 1-0

[Event "Montreal Mercredi 09"]
[Site "Montreal"]
[Date "2008.09.10"]
[Round "2"]
[White "Dumont, Felix"]
[Black "Landry, Martin"]
[Result "1-0"]
[WhiteElo "1511"]
[BlackElo "1565"]
[PlyCount "39"]
[EventDate "2008.09.03"]
[EventType "tourn"]
[EventRounds "5"]
[EventCountry "CAN"]
[SourceTitle "EXT 2011"]
[Source "ChessBase"]
[SourceDate "2010.11.26"]
[SourceVersion "1"]
[SourceVersionDate "2010.11.26"]
[SourceQuality "1"]

1. c4 e5 2. Nc3 Nf6 3. Nf3 Nc6 4. d4 exd4 5. Nxd4 Nxd4 6. Qxd4 Be7 7. e4 d6 8. Be2 a6 9. 0-0 c5 10. Qd3 Bd7 11. Bf4 Qb6 12. Rfd1 Be6 13. Bxd6 Bxd6 14. Qxd6 Qxb2 15. Rab1 Qxc3 16. Rxb7 Ng8 17. Rb8+ Rxb8 18. Qxb8+ Bc8 19. Qxc8+ Ke7 20. Qd8+ 1-0

[Event "Montreal Mercredi 02"]
[Site "Montreal"]
[Date "2008.02.27"]
[Round "2"]
[White "Landry, Martin"]
[Black "Turcotte, Jonathan"]
[Result "0-1"]
[WhiteElo "1557"]
[BlackElo "1590"]
[PlyCount "70"]
[EventDate "2008.02.20"]
[EventType "tourn"]
[EventRounds "5"]
[EventCountry "CAN"]
[SourceTitle "EXT 2011"]
[Source "ChessBase"]
[SourceDate "2010.11.26"]
[SourceVersion "1"]
[SourceVersionDate "2010.11.26"]
[SourceQuality "1"]

1. d4 d5 2. c4 e6 3. Nc3 Nf6 4. Bg5 Be7 5. Nf3 h6 6. Bd2 0-0 7. e3 b6 8. cxd5 exd5 9. Bd3 c5 10. h3 Bb7 11. 0-0 Nbd7 12. Re1 Ne4 13. Rc1 Bf6 14. Ne2 Re8 15. Bc3 Nf8 16. Bb5 Re7 17. Nf4 a6 18. Ba4 Ne6 19. Nh5 Rc7 20. Bc2 Be7 21. Ne5 Rac8 22. f3 Nd6 23. Qd3 Nf8 24. dxc5 bxc5 25. Ba5 c4 26. Qd2 Bh4 27. Bxc7 Bxe1 28. Qxe1 Rxc7 29. Qg3 Qg5 30. Ng4 Ne8 31. Qe5 Qxe5 32. Nxe5 Ne6 33. Kf2 Nd6 34. Ng3 f6 35. Bf5 Nxf5 0-1

[Event "Montreal Mercredi 02"]
[Site "Montreal"]
[Date "2008.02.20"]
[Round "1"]
[White "Baran, Marius"]
[Black "Landry, Martin"]
[Result "0-1"]
[WhiteElo "1591"]
[BlackElo "1557"]
[PlyCount "106"]
[EventDate "2008.02.20"]
[EventType "tourn"]
[EventRounds "5"]
[EventCountry "CAN"]
[SourceTitle "EXT 2011"]
[Source "ChessBase"]
[SourceDate "2010.11.26"]
[SourceVersion "1"]
[SourceVersionDate "2010.11.26"]
[SourceQuality "1"]

1. d4 Nf6 2. c4 e6 3. a3 c5 4. Nf3 cxd4 5. Nxd4 a6 6. Nc3 d5 7. e3 Nc6 8. Nxc6 bxc6 9. Be2 Bd6 10. 0-0 e5 11. cxd5 cxd5 12. Nxd5 e4 13. Nxf6+ Qxf6 14. Qa4+ Ke7 15. Qxe4+ Be6 16. Bc4 Rhe8 17. Bxe6 Kf8 18. Qf5 Rxe6 19. Qxf6 Rxf6 20. b4 Be5 21. Rb1 Rc8 22. Bb2 Bxb2 23. Rxb2 Rfc6 24. g3 Rc3 25. a4 Ra3 26. b5 Rxa4 27. b6 Rb8 28. b7 Rc4 29. Rfb1 Ke7 30. Rb6 Rc7 31. Kf1 a5 32. Ke2 a4 33. Ra6 Rcxb7 34. Rxb7+ Rxb7 35. Rxa4 Rb2+ 36. Kf3 Rb6 37. Ra7+ Kf6 38. h4 h6 39. g4 g5 40. Kg3 Re6 41. Ra5 Kg6 42. h5+ Kg7 43. Ra3 Re4 44. f3 Re6 45. f4 Re7 46. Kf3 Re6 47. f5 Rc6 48. e4 Rc1 49. e5 Kf8 50. Ra6 Rc3+ 51. Ke4 Rc4+ 52. Kd5 Rxg4 53. f6 Ke8 0-1

[Event "Montreal Mercredi 10"]
[Site "Montreal"]
[Date "2007.11.07"]
[Round "5"]
[White "Millette, Sylvain"]
[Black "Landry, Martin"]
[Result "1-0"]
[WhiteElo "1717"]
[BlackElo "1623"]
[PlyCount "81"]
[EventDate "2007.10.10"]
[EventType "swiss"]
[EventRounds "5"]
[EventCountry "CAN"]
[SourceTitle "EXT 2022"]
[Source "ChessBase"]
[SourceDate "2021.10.06"]
[SourceVersion "1"]
[SourceVersionDate "2021.10.06"]
[SourceQuality "1"]

1. Nf3 d6 2. g3 e5 3. d3 f5 4. e4 Nf6 5. Bg5 Be7 6. Nc3 c6 7. Bg2 0-0 8. Qe2 Qc7 9. a3 fxe4 10. Nxe4 Nxe4 11. Qxe4 Bf5 12. Qe3 h6 13. Bxe7 Qxe7 14. Nh4 Bh7 15. Be4 d5 16. Bxh7+ Kxh7 17. 0-0 Nd7 18. Rae1 Qf6 19. c3 g5 20. Ng2 Qf3 21. Qd2 Rae8 22. Re3 Qh5 23. f4 gxf4 24. gxf4 Nf6 25. fxe5 Rxe5 26. Rxe5 Qxe5 27. Rf3 Qd6 28. Ne3 Rg8+ 29. Kh1 d4 30. Nf5 Qf8 31. Nxd4 Rg6 32. Qf2 Qd6 33. Ne2 Ng4 34. Qh4 Qd5 35. Qe7+ Kh8 36. Qe4 Qh5 37. Qf4 Rf6 38. Qb8+ Kg7 39. Qxb7+ Kg6 40. Rxf6+ Nxf6 41. Nf4+ 1-0

[Event "Montreal Mercredi 05"]
[Site "Montreal"]
[Date "2007.06.14"]
[Round "5"]
[White "Landry, Martin"]
[Black "Beland, Stephane"]
[Result "0-1"]
[WhiteElo "1545"]
[BlackElo "1585"]
[PlyCount "67"]
[EventDate "2007.05.16"]
[EventType "swiss"]
[EventRounds "6"]
[EventCountry "CAN"]
[SourceTitle "EXT 2022"]
[Source "ChessBase"]
[SourceDate "2021.10.06"]
[SourceVersion "1"]
[SourceVersionDate "2021.10.06"]
[SourceQuality "1"]

1. d4 f5 2. Bg5 g6 3. f3 Bg7 4. e4 fxe4 5. fxe4 d6 6. Nc3 c6 7. Nf3 Qb6 8. Rb1 Bg4 9. Bc4 Nf6 10. 0-0 e5 11. Be3 Nbd7 12. Qd2 Qc7 13. Ng5 Rf8 14. h3 d5 15. exd5 cxd5 16. Bxd5 Nxd5 17. Nxd5 Qc4 18. dxe5 Rxf1+ 19. Rxf1 Bf5 20. Nxh7 Bxe5 21. b3 Qxc2 22. Qb4 Kf7 23. Qe7+ Kg8 24. Ng5 Bg7 25. Qf7+ Kh8 26. Ne6 Bxe6 27. Qxe6 Nc5 28. Qg4 Re8 29. Qh4+ Kg8 30. Ne7+ Rxe7 31. Qxe7 Ne4 32. Rf4 Nc3 33. Qf7+ Kh8 34. Qxg6 0-1

[Event "Montreal Mercredi 02"]
[Site "Montreal"]
[Date "2007.03.14"]
[Round "4"]
[White "Gauthier, Luc"]
[Black "Landry, Martin"]
[Result "1-0"]
[WhiteElo "1572"]
[BlackElo "1518"]
[PlyCount "91"]
[EventDate "2007.02.21"]
[EventType "swiss"]
[EventRounds "5"]
[EventCountry "CAN"]
[SourceTitle "EXT 2022"]
[Source "ChessBase"]
[SourceDate "2021.10.06"]
[SourceVersion "1"]
[SourceVersionDate "2021.10.06"]
[SourceQuality "1"]

1. e4 c5 2. Nc3 e6 3. f4 d5 4. Bb5+ Bd7 5. Bxd7+ Qxd7 6. d3 Nc6 7. Nf3 d4 8. Ne2 Nf6 9. Ng3 Be7 10. f5 e5 11. Bd2 h5 12. h4 Qd8 13. Qe2 Nb4 14. Bg5 Ng4 15. a3 Nc6 16. 0-0-0 Bxg5+ 17. Nxg5 Nf6 18. Nf3 Qa5 19. Ng5 b5 20. Qd2 b4 21. Kb1 Rb8 22. Ka1 Ke7 23. Ne2 Qa6 24. Nc1 bxa3 25. b3 Ng4 26. Na2 Na5 27. Rb1 Rb6 28. Nf3 Rhb8 29. Qg5+ Rf6 30. Nd2 Ne3 31. Rhc1 g6 32. fxg6 Qe6 33. gxf7 Rf8 34. Nf3 Kd6 35. b4 cxb4 36. Rxb4 R6xf7 37. Nxd4 exd4 38. Rxd4+ Kc6 39. Qxa5 Rf1 40. Qa6+ Kc7 41. Qxe6 Nxc2+ 42. Kb1 Rb8+ 43. Rb4 Rxc1+ 44. Kxc1 Nxb4 45. Nxb4 Rxb4 46. Qe7+ 1-0

[Event "Montreal Mercredi 01"]
[Site "Montreal"]
[Date "2007.01.31"]
[Round "4"]
[White "Landry, Martin"]
[Black "Shahabi, Shahab"]
[Result "1-0"]
[WhiteElo "1555"]
[BlackElo "1455"]
[PlyCount "53"]
[EventDate "2007.01.10"]
[EventType "swiss"]
[EventRounds "5"]
[EventCountry "CAN"]
[SourceTitle "EXT 2022"]
[Source "ChessBase"]
[SourceDate "2021.10.06"]
[SourceVersion "1"]
[SourceVersionDate "2021.10.06"]
[SourceQuality "1"]

1. d4 d5 2. c4 Nf6 3. cxd5 Nxd5 4. e4 Nf6 5. Nc3 h6 6. Bc4 e6 7. a3 Nc6 8. Nf3 Na5 9. Ba2 Bd7 10. e5 Nh7 11. Be3 b6 12. Qd3 Nb7 13. Rc1 Rc8 14. 0-0 Be7 15. Ne4 b5 16. d5 a6 17. Rfd1 0-0 18. Bb1 f6 19. exf6 Nxf6 20. Nxf6+ Bxf6 21. dxe6 Bxe6 22. Qh7+ Kf7 23. Rxd8 Rcxd8 24. Rxc7+ Ke8 25. Bg6+ Bf7 26. Bxf7+ Rxf7 27. Qg8+ 1-0